Study on cost control in food and beverage service with reference to the Gateway Hotel, Mangalore / (Record no. 231238)
[ view plain ]
| 000 -LEADER | |
|---|---|
| fixed length control field | 00498nam a22001457a 4500 |
| 003 - CONTROL NUMBER IDENTIFIER | |
| control field | OSt |
| 005 - DATE AND TIME OF LATEST TRANSACTION | |
| control field | 20240619143431.0 |
| 008 - FIXED-LENGTH DATA ELEMENTS--GENERAL INFORMATION | |
| fixed length control field | 240619b ||||| |||| 00| 0 eng d |
| 040 ## - CATALOGING SOURCE | |
| Transcribing agency | AIMIT LIBRARY |
| 100 ## - MAIN ENTRY--PERSONAL NAME | |
| Personal name | D Souza, Preston Charles |
| Relator term | 2116128 |
| 9 (RLIN) | 171219 |
| 245 ## - TITLE STATEMENT | |
| Title | Study on cost control in food and beverage service with reference to the Gateway Hotel, Mangalore / |
| Statement of responsibility, etc. | By Preston Charles D Souza |
| 700 ## - ADDED ENTRY--PERSONAL NAME | |
| Personal name | Harinakshi |
| Relator term | Mentor |
| 9 (RLIN) | 171220 |
| 856 ## - ELECTRONIC LOCATION AND ACCESS | |
| Materials specified | Gateway hotel, Mangalore |
| 942 ## - ADDED ENTRY ELEMENTS (KOHA) | |
| Source of classification or shelving scheme | Dewey Decimal Classification |
| Koha item type | Project Report |
| Withdrawn status | Lost status | Source of classification or shelving scheme | Damaged status | Not for loan | Collection code | Home library | Current library | Shelving location | Date acquired | Total Checkouts | Barcode | Date last seen | Copy number | Price effective from | Koha item type |
|---|---|---|---|---|---|---|---|---|---|---|---|---|---|---|---|
| Dewey Decimal Classification | Not for loan | Project Report MBA | St Aloysius Institute of Management & Information Technology | St Aloysius Institute of Management & Information Technology | Dissertations | 06/19/2024 | PRB02136 | 06/19/2024 | 2116128 | 06/19/2024 | Project Report |